|
|
|
|
| LEADER |
00952nam a2200277 4500 |
| 001 |
c000010266 |
| 003 |
CARM |
| 005 |
00000000000000.0 |
| 008 |
720426s1971 xx 00000 eng d |
| 010 |
|
|
|a 74-140785
|
| 019 |
1 |
|
|a 23920733
|z 5096837
|z 24600818
|5 LACONCORD2021
|
| 035 |
|
|
|a (OCoLC)216962
|5 LACONCORD2021
|
| 040 |
|
|
|a DNLM
|c DNLM
|
| 060 |
0 |
|
|a QU 55
|b M483c 1971
|
| 082 |
0 |
4 |
|a 547/.75
|
| 100 |
1 |
|
|a Means, Gary E.
|
| 245 |
1 |
0 |
|a Chemical modification of proteins
|b [by] Gary E. Means [and] Robert E. Feeney.
|
| 260 |
|
|
|a San Francisco,
|b Holden-Day
|c [c1971]
|
| 300 |
|
|
|a x, 254 p.
|
| 650 |
|
2 |
|a Chemistry, Organic.
|
| 650 |
|
2 |
|a Biochemistry.
|
| 650 |
|
2 |
|a Proteins.
|
| 700 |
1 |
|
|a Feeney, Robert Earl.
|
| 852 |
8 |
|
|b CARM
|h A2:AD22F0
|i C00085
|p 0002477
|f BK
|
| 999 |
f |
f |
|i f2cecad8-3ca5-550f-9bbf-61cfd5666995
|s 5e94f3d6-b930-590a-8646-ec2028504265
|
| 952 |
f |
f |
|p Can circulate
|a CAVAL
|b CAVAL
|c CAVAL
|d CARM 1 Store
|e C00085
|f A2:AD22F0
|h Other scheme
|i book
|m 0002477
|